|
|
|
|
| LEADER |
03357nam a2200589 4500 |
| 001 |
978-981-10-6817-1 |
| 003 |
DE-He213 |
| 005 |
20191220131231.0 |
| 007 |
cr nn 008mamaa |
| 008 |
171107s2018 si | s |||| 0|eng d |
| 020 |
|
|
|a 9789811068171
|9 978-981-10-6817-1
|
| 024 |
7 |
|
|a 10.1007/978-981-10-6817-1
|2 doi
|
| 040 |
|
|
|d GrThAP
|
| 050 |
|
4 |
|a TD172-193.5
|
| 072 |
|
7 |
|a TQK
|2 bicssc
|
| 072 |
|
7 |
|a SCI026000
|2 bisacsh
|
| 072 |
|
7 |
|a TQK
|2 thema
|
| 082 |
0 |
4 |
|a 363.737
|2 23
|
| 100 |
1 |
|
|a Wu, Jiang.
|e author.
|4 aut
|4 http://id.loc.gov/vocabulary/relators/aut
|
| 245 |
1 |
0 |
|a High-Temperature H2S Removal from IGCC Coarse Gas
|h [electronic resource] /
|c by Jiang Wu, Dongjing Liu, Weiguo Zhou, Qizhen Liu, Yaji Huang.
|
| 250 |
|
|
|a 1st ed. 2018.
|
| 264 |
|
1 |
|a Singapore :
|b Springer Singapore :
|b Imprint: Springer,
|c 2018.
|
| 300 |
|
|
|a IX, 155 p. 118 illus., 115 illus. in color.
|b online resource.
|
| 336 |
|
|
|a text
|b txt
|2 rdacontent
|
| 337 |
|
|
|a computer
|b c
|2 rdamedia
|
| 338 |
|
|
|a online resource
|b cr
|2 rdacarrier
|
| 347 |
|
|
|a text file
|b PDF
|2 rda
|
| 490 |
1 |
|
|a Energy and Environment Research in China,
|x 2197-0238
|
| 520 |
|
|
|a This book provides extensive information on high-temperature H2S removal for integrated gasification combined cycle (IGCC) coarse gas, together with briefly introductions to the concept of clean coal technology, and to the mechanism and kinetics of hot coal gas desulfurizers. Readers will gain a comprehensive understanding of available control methods for high-temperature H2S removal in IGCC coarse gas and how the technology has been adopted by industry. As such, the book offers a unique resource for researchers and engineers in the fields of energy science and technology, environmental science and technology, and chemical engineering. .
|
| 650 |
|
0 |
|a Pollution prevention.
|
| 650 |
|
0 |
|a Fossil fuels.
|
| 650 |
|
0 |
|a Chemical engineering.
|
| 650 |
|
0 |
|a Environmental sciences.
|
| 650 |
|
0 |
|a Environmental chemistry.
|
| 650 |
1 |
4 |
|a Industrial Pollution Prevention.
|0 http://scigraph.springernature.com/things/product-market-codes/U35020
|
| 650 |
2 |
4 |
|a Fossil Fuels (incl. Carbon Capture).
|0 http://scigraph.springernature.com/things/product-market-codes/114000
|
| 650 |
2 |
4 |
|a Industrial Chemistry/Chemical Engineering.
|0 http://scigraph.springernature.com/things/product-market-codes/C27000
|
| 650 |
2 |
4 |
|a Environmental Science and Engineering.
|0 http://scigraph.springernature.com/things/product-market-codes/G37000
|
| 650 |
2 |
4 |
|a Environmental Chemistry.
|0 http://scigraph.springernature.com/things/product-market-codes/U15000
|
| 700 |
1 |
|
|a Liu, Dongjing.
|e author.
|4 aut
|4 http://id.loc.gov/vocabulary/relators/aut
|
| 700 |
1 |
|
|a Zhou, Weiguo.
|e author.
|4 aut
|4 http://id.loc.gov/vocabulary/relators/aut
|
| 700 |
1 |
|
|a Liu, Qizhen.
|e author.
|4 aut
|4 http://id.loc.gov/vocabulary/relators/aut
|
| 700 |
1 |
|
|a Huang, Yaji.
|e author.
|4 aut
|4 http://id.loc.gov/vocabulary/relators/aut
|
| 710 |
2 |
|
|a SpringerLink (Online service)
|
| 773 |
0 |
|
|t Springer eBooks
|
| 776 |
0 |
8 |
|i Printed edition:
|z 9789811068164
|
| 776 |
0 |
8 |
|i Printed edition:
|z 9789811068188
|
| 776 |
0 |
8 |
|i Printed edition:
|z 9789811349515
|
| 830 |
|
0 |
|a Energy and Environment Research in China,
|x 2197-0238
|
| 856 |
4 |
0 |
|u https://doi.org/10.1007/978-981-10-6817-1
|z Full Text via HEAL-Link
|
| 912 |
|
|
|a ZDB-2-ENE
|
| 950 |
|
|
|a Energy (Springer-40367)
|